| 000 | 00903nam a2200217Ia 4500 | ||
|---|---|---|---|
| 003 | GCL | ||
| 008 | 140319s9999 xx 000 0 ara d | ||
| 040 |
_aGCL / _cGCL |
||
| 082 | 0 | 4 |
_a320.54 _bغ ا |
| 100 | 1 | _aغسان يوسف مزاحم | |
| 245 | 1 | 0 |
_aاتحاد الجمهوريات العربية ( مصر - سوريا - ليبيا ) / _cغسان يوسف مزاحم |
| 250 | _aالاولى | ||
| 260 |
_aسوريا : _bدار حوران للدراسات والطباعة والنشر والتوزيع ، _c2000 |
||
| 300 |
_a142 ص ؛ _c20 سم |
||
| 650 | 0 | 4 | _aالقومية العربية |
| 650 | 0 | 4 | _aالقومية العربية - مصر |
| 650 | 0 | 4 | _aالقومية العربية - سوريا |
| 650 | 0 | 4 | _aليبيا - تاريخ - العصر الحديث |
| 650 | 0 | 4 | _aسوريا - تاريخ - العصر الحديث - الوحدة مع مصر(1958- 1961) |
| 942 |
_2ddc _cBK |
||
| 999 |
_c49703 _d49703 |
||